| 000 | 00733nam a22001937a 4500 | ||
|---|---|---|---|
| 999 |
_c176551 _d176551 |
||
| 005 | 20210128110532.0 | ||
| 010 | _aUR-10990 | ||
| 020 |
_c225.00 _a978812378952-1 |
||
| 035 | _aU-9545 | ||
| 037 | _bDBAD/PUB | ||
| 082 | _a841 | ||
| 100 | _aظفر ا عجا ز عبا سی خر م | ||
| 245 |
_aساحر لد ھيا نو ی : حيا ت و ا متيا ز _cظفر ا عجا ز عبا سی خر م |
||
| 246 |
_bSahir Ludhyanvi :Hyat-o-Imtiaz (Urdu) _aby Zafar Ayjaz Abbasi khurram |
||
| 260 |
_aDelhi _bDirector National book Trust India _c2020 ء |
||
| 270 |
_aNeru Bhawan,5 Institutional Area , Fiz-11,Vasant kunj, _bN . Delhi _e70 _l- |
||
| 300 |
_a185 ص _c22 Cm(Hb) |
||
| 942 |
_2ddc _cUR _h841 _mس ا ح |
||